000 00849nam a22002297a 4500
999 _c12070
_d12070
003 AR-CdUCM
008 190405b ||||| |||| 00| 0 spa d
040 _aMUNICIPALIDAD PROVINCIAL DEL CUSCO
_cBIBLIOTECA MUNICIPAL DEL CUSCO
082 _a985.411 /
_bB23 / 1940
100 _aBarriga, Víctor M.
_925614
245 _aDocumentos para la historia de Arequipa /
260 _aArequipa :
_bLa Colmena,
_c1940.
300 _a2 tomos ;
_c24.5 cm.
440 _aBiblioteca Arequipa ;
_929726
505 _aContenido: t.1. Documentos inéditos de los archivos de Arequipa y Sevilla 1786 - 1791 -- t.2. Documentos inéditos de los archivos de Arequipa y Sevilla 1534 -1575.
650 _aPerú
_935
650 _aHistoria
_9136
650 _aÉpoca Colonial
_9645
650 _aDocumentos
_97186
942 _2ddc
_cLIBROS
945 _awnts
_d05/04/2019